| 000 | 00650cam a22001691 4500 | ||
|---|---|---|---|
| 082 |
_a629.254 _bSMI _cL-12, P-10 |
||
| 100 | 1 |
_aSmith, Stanley Parker, _941249 |
|
| 245 | 1 | 4 |
_aThe electrical equipment of automobiles; _ba book on principles for motor mechanics and motorists, _cby Stanley Parker Smith ... |
| 250 | _a4th ed., rev. and enl. | ||
| 260 |
_aLondon, _bChapman & Hall Ltd., _c1942. |
||
| 300 |
_a3 p. l., ix-xvi, 304 p. _billus., fold. pl., diagrs. _c19 cm. |
||
| 500 | _a"First published, 1927." | ||
| 526 |
_a0 _b0 _c0 _d629_254000000000000_SMI |
||
| 650 | 0 |
_aAutomobiles _xElectric equipment. _944427 |
|
| 650 | 0 |
_aMCE _9379 |
|
| 942 |
_2ddc _cBK |
||
| 999 |
_c548214 _d548214 |
||